Devine le pays - Statistiques

Statistiques générales
  • Ce quiz a été pris 511 fois
  • Le résultat moyen est 12 sur 15
Statistiques - réponses
Hint Réponse % Correct
Baguette / Tour Eiffel France
100%
H!tler / Bière Allemagne
98%
Manga / Sumo Japon
97%
Kangourou / Rugby Australie
96%
vodka / ours Russie
95%
Tajine / Rabat Maroc
94%
Pluie / Elizabeth Angleterre
93%
Messi / maté Argentine
93%
Thanksgiving / baseball Etats-Unis
93%
Bouddhisme / Riz Chine
88%
Zlatan / pêcheurs Suède
76%
Taekwondo / Busan Corée du sud
67%
bacalhau a braz / Funiculaire Portugal
60%
Ochoa / Tostadas Mexique
56%
éwé /lomé Togo
29%
Aucun quiz correspondant
Distribution des résultats
% des personnes avec chaque résultat
Percentile par nombre de réponses
Votre historique - résultats
Vous n’avez pas pris ce quiz